Duel de pays - Superficie - Statistiques

Statistiques générales
  • Ce quiz a été pris 207 fois
  • Le résultat moyen est 10 sur 20
Statistiques - réponses
Question Réponse % Correct
Quel est le plus grand ? Norvège
100%
Quel est le plus grand ? Algérie
90%
Quel est le plus grand ? Brésil
80%
Quel est le plus grand ? Argentine
70%
Quel est le plus grand ? Bangladesh
70%
Quel est le plus grand ? Grèce
70%
Quel est le plus grand ? Somalie
70%
Quel est le plus grand ? Corée du Nord
60%
Quel est le plus grand ? Mexique
60%
Quel est le plus grand ? Japon
50%
Quel est le plus grand ? Portugal
50%
Quel est le plus grand ? Singapour
50%
Quel est le plus grand ? Iran
40%
Quel est le plus grand ? Togo
40%
Quel est le plus grand ? Burkina Faso
30%
Quel est le plus grand ? Ghana
30%
Quel est le plus grand ? Grenade
20%
Quel est le plus grand ? Jamaïque
20%
Quel est le plus grand ? Ouzbékistan
20%
Quel est le plus grand ? Suriname
20%
Aucun quiz correspondant
Distribution des résultats
% des personnes avec chaque résultat
Percentile par nombre de réponses
Votre historique - résultats
Vous n’avez pas pris ce quiz